1790 1797 1741 1114 1602 1107 1862 1744 1977 1036 1385 1067 1807 1295 1247 1577 1654 1931 1195 1912 1806 1918 1405 1868 1795 1951 1862 1962 1303 1002 1974 1588 1953 1021 1563 1946 1952 1034 1524 1738 1807 1500 1707 1337 1719 1560 1920 1320 1666 1019 1274 1597 1828 1582 1534 1671 1007 1009 1633 1724 1687 1044 1431 1477 1706 1325 1461 1206 1553 1641 1108 1427 1483 1830 1784 1467 1837 1076 1876 1364 1050 1562 1610 1801 1557 1249 1754 1781 1113 1351 1164 1367 1330 1268 1997 1787 1321 1559 1116 BCNSPRNW ULIB Ver.6.0+V

เปลี่ยนเป็นภาษาไทย

Change to English
 แสดงรายละเอียดบรรณานุกรม
  กลับหน้าหลัก

Brief Record : Get Marc (ISO 2709) : E-mail record : QR code < ปิดหน้าต่าง
LEADER : 00000nam 2200000uu 4500
001    13399121306
003     ULIB
008    121114s2550||||th 000 0 tha d
020    ^a9749228278
050  4 ^aPE1130^bส698ท ล.2
100 0  ^aHelen Barnard
245 10 ^aทักษะการเรียนศัพท์ภาษาอังกฤษขั้นสูง = ^bAdvanced English course vocabulary skills book 2 /^cHelen Barnard
246 31 ^aAdvanced English course vocabulary skills book 2
250    ^aพิมพ์ครั้งที่ 1
260    ^aกรุงเทพฯ :^bปัญญาชน,^c2550
300    ^a267 หน้า
650  7 ^aคำศัพท์ภาษาอังกฤษ
945    ^p219^l0^i14156
995    ^aวิภา
999 ^a ทศพร
รายการนี้ยังไม่มีแท็ก
คุณยังไม่ได้ล็อกอิน คุณสามารถมีกิจกรรมร่วมกับเว็บไซต์ได้ แต่ต้องล็อกอินก่อน ::
  ล็อกอิน

รายการสื่อสารสนเทศ

ลำดับที่ ประเภท เลขเรียก/บาร์โค้ด สถานที่ สถานะ
1. วิทยาศาสตร์การแพทย์ และสุขภาพ
วิทยาศาสตร์การแพทย์ และสุขภาพ
PE1130 ส698ท ล.2  
  Barcode: 14156
ห้องสมุดวิทยาเขตสวรรค์ประชารักษ์
►หนังสือทั่วไป
บนชั้น

รายการใกล้เคียง
    ผู้แต่ง [Helen Barnard]

    หัวเรื่อง [คำศัพท์ภาษาอังกฤษ]

BibComment


ยังไม่เคยถูกคอมเมนท์

คอมเมนท์ทรัพยากรรายการนี้
  คอมเมนท์: ทักษะการเรียนศัพ..


 Copyright 2026. Bcnsprnw @Library